00521nam a2200145Ia 4500003000400000008004100004040001600045082001900061100003600080245015300116700001700269260004600286300000800332650003500340GCL140319s9999 xx 000 0 eng d aGCL / cGCL04aCHb423.1bB A1 aMOHMOND, SADIKA YOUSSEF MOHMOUD10aAL SADIK: ENGLISH \ ARABIC DICTIONARY FOR SCHOOLS, OFFICES AND SONG INCLUDING SCIENCE TERMINOLOGY AND TECHNOLOGY / cMOHMOND, SADIKA YOUSSEF MOHMOUD1 aBADAWI, ZAKI a[S.N] : bDAR AL-KITAB AL-MASRI ، c1989 a46904aENCYCLOPEDIAS AND DICTIONARIES